00286nam a22000977a 4500020001500000100003300015245004400048260004500092300000800137650004300145 a8173192030 aIsac IshaayaaDenny Degheele aInsecticides with novel modes of action anew delhibnarosa publishing housec1998 a289 aencdysone agonistsaencdysone agonists